[Event "SEMI B041 email"]
[Site "SEMI email"]
[Date "2004.03.01"]
[Round "?"]
[White "Paiola, Andrea"]
[Black "Spagnoli, Vincenzo"]
[Result "0-1"]
[WhiteElo "1000"]
[BlackElo "1700"]
[PlyCount "40"]
[EventDate "2004.03.01"]
[EventType "tourn (corr)"]
[EventRounds "6"]
[EventCountry "ITA"]
[SourceTitle "Corr 2008"]
[Source "ChessBase"]
[SourceDate "2008.06.24"]
[SourceVersion "1"]
[SourceVersionDate "2008.06.24"]
[SourceQuality "1"]

1. e3 d5 2. Bb5+ c6 3. Ba4 e5 4. Qh5 Nd7 5. Nf3 Ngf6 6. Qh3 e4 7. Ng5 Nc5 8. Bxc6+ bxc6 9. Qg3 Bd6 10. Qh4 h6 11. b3 Nh7 12. Bb2 Nxg5 13. Bxg7 Rh7 14. Bxh6 Nf3+ 15. gxf3 Qxh4 16. Bf4 Bxf4 17. exf4 Qh3 18. fxe4 Qg2 19. Rf1 Bh3 20. Nc3 Qxf1# 0-1